000 00291nam a22001217a 4500
008 170414b xxu||||| |||| 00| 0 eng d
041 _aeng
080 _22ND
_a612.39
100 _a10
101 _aSHM
245 _aESSENTIALS OF NUTRITION AND DIET THERAPY
_cWILLIAMS, S.R
942 _2udc
_cBK
999 _c10846
_d10846